000 01156naa a22003257a 4500
001 BR7801202
003 BR-BrBNA
005 20250721155544.0
007 ta
008 250630b bl.|||m| |||| 00| 0 por d
040 _aBR-BrBNA
_bpor
_cBiblioteca Nacional de Agricultura
041 _a(Pt)
072 _aF70
090 _aF70 BR7801202
100 1 _aHeringer, E.P.
100 1 _aBarroso, G.M.
100 1 _aRizo, J.A.
100 1 _aRizzini, C.T.
111 1 _a4. Simposio sobre o Cerrado
_cBrasilia, DF (Brazil)
_d21 Jun 1976
245 1 _aA flora do cerrado
500 _a4. Simposio sobre o Cerrado: bases para utilizacao agropecuaria Ferri, M.G.(ed.) Belo Horizonte, MG (Brasil): Ed. Itatiaia, 1977. p. 211-232 [49 ref.; Summary (En)] (BR7801202-AMS)
773 0 _t4. Simposio sobre o Cerrado: bases para utilizacao agropecuaria
_aFerri, M.G.(ed.)
_wF70 BR7801202
_gBelo Horizonte, MG (Brasil), 1977. p. 211-232
650 _aTaxonomia Vegetal
650 _aFlora
650 _aCerrado
650 _aVegetacao
490 _aReconquista do Brasil (Brazil)
_vno. 38
942 _cAMS
_2AGRIS
909 _a202506
_bLúcia
_c55
_dLúcia Elande
999 _c337217
_d337217